LEADER 00907nam 2200337 450 001 9910165077603321 005 20230808205334.0 010 $a1-5040-3857-6 035 $a(CKB)4330000000012271 035 $a(MiAaPQ)EBC4560184 035 $a(EXLCZ)994330000000012271 100 $a20160714d2016 uy| 1 101 0 $aeng 135 $aurcnu|||||||| 181 $2rdacontent 182 $2rdamedia 183 $2rdacarrier 200 10$aLife goes on /$fAlan Sillitoe 210 1$aNew York :$cOpen Road Integrated Media,$d2016. 215 $a1 online resource (350 pages) 225 0 $aThe Michael Cullen novels 606 $aPsychological fiction 615 0$aPsychological fiction. 700 $aSillitoe$b Alan$0165835 801 0$bMiAaPQ 801 1$bMiAaPQ 801 2$bMiAaPQ 906 $aBOOK 912 $a9910165077603321 996 $aLife goes on$93410315 997 $aUNINA LEADER 01147nam0 22003131i 450 001 RML0296902 005 20231121125740.0 010 $a883484355X 100 $a20121121d2004 ||||0itac50 ba 101 | $aita 102 $ait 181 1$6z01$ai $bxxxe 182 1$6z01$an 200 1 $a˜L'œimpresa agraria$fAlessandro Romagnoli 210 $aTorino $cGiappichelli $d©2004 215 $aX, 159 p.$d24 cm. 225 | $aCollana di economia. - Torino $eGiappichelli 410 0$1001RML0329473$12001 $aCollana di economia. - Torino $eGiappichelli 606 $aIndustria agricola$2FIR$3RMLC012018$9I 676 $a338.763$9$v20 700 1$aROMAGNOLI$b, Alessandro$3RMLV152482$027882 801 3$aIT$bIT-01$c20121121 850 $aIT-FR0098 899 $aBiblioteca Area Giuridico Economica$bFR0098 912 $aRML0296902 950 0$aBiblioteca Area Giuridico Economica$d 53DIMET 338.763/2$e 53VM 0000666965 VM barcode:BAGE000973. - Inventario:128. - Fondo:Sala consultazioneVM$fA $h20070220$i20121204 977 $a 53 996 $aImpresa agraria$9749469 997 $aUNICAS